zpět

Detail výsledku týmu

The Pub Praha 2 PO, Praha

Datum a čas kvízu

12.5 Celkem bodů Celkový počet nahraných bodů na tomto kvízu bez doplňovacích otázek.
13. Pořadí na kvízu Konečné umístění týmu na tomto kvízu.

Zaznamenané odpovědi

# Otázka Odpověď Body Výsledky
2. Který významný den jsme mohli... B 0
3. Středeční přehlídka spodního p... A) v devátém měsíci těhotenství 1
4. Velký průlom v regenerativní m... krev 1
5. Fotbalisté z malého afrického... Kapverdy 0
1. Minulý čtvrtek byl na několik... Metrouš 1
6. Asijská poušť Karakum, uprostř... Turkmenistán 0
7. Uveďte, kterým čtyřpísmenným p... vádí 0
8. Vyberte, se kterým živočichem... B 1
9. Vojáci Československého pěšího... Tobruk 0
10. Který spisovatel je autorem vě... Frank Herbert 0